Merač teploty v HF CVD reaktore s bezdrôtovým (optickým) prenosom informácie o teplote

Enregistré dans:
Détails bibliographiques
Auteur principal: Kolmačka, Michal, 1984- (Auteur)
Autres auteurs: Kadlečíková, Magdaléna, 1956- (Directeur de thèse), Kremničan, V. (Directeur de thèse)
Format: Manuscrit Livre
Langue:slovaque
Publié: Bratislava : STU v Bratislave FEI, 2007
Sujets:
Tags: Ajouter un tag
Pas de tags, Soyez le premier à ajouter un tag!

MARC

LEADER 00000ntm a22000003a 4500
001 stu155607
005 20160719165053.4
008 080122s2007------------------------slo-d
040 |a STU  |b slo 
041 0 |a slo 
100 1 |a Kolmačka, Michal,  |d 1984-  |4 aut  |X 11771  |7 A000011771 
242 0 0 |a Optoelectronic Thermometer for HF CVD Reactor  |y eng 
245 1 |a Merač teploty v HF CVD reaktore s bezdrôtovým (optickým) prenosom informácie o teplote 
260 |a Bratislava :  |b STU v Bratislave FEI,  |c 2007 
300 |a 44 s  |c príl.3 s. 
650 7 |a Mikroelektronika  |2 stusub 
650 7 |a elektronika  |2 stusub 
650 7 |a reaktory  |2 stusub 
650 7 |a meranie teploty  |2 stusub 
700 1 |a Kadlečíková, Magdaléna,  |d 1956-  |4 ths  |u E030  |U FEI Fakulta elektrotechniky a informatiky  |T FEI Ústav elektroniky a fotoniky  |X 1899  |U E030  |Y 549  |7 A000001899 
700 1 |a Kremničan, V.  |4 ths